000 00787nam a2200229Ia 4500
008 100315s9999 xx 000 0 und d
020 _a07-094237-4 
040 _cENGLISH 
082 _b8942 
_a658.407124 
100 _a"Hacon, Richard "
245 _aPersonal And Organizational Effectiveness
260 _bMCGRAW-HILL  
_c1972 
300 _a"VII,303  "
365 _eRupees 
_d
_b0.00 
366 _f
505 _gJaya Nikhade 
530 _bDonated By RBI Library  
620 _a"Organizational Effectiveness, Systematic task performance, focus on Applications in Organizations, Learning and Motivation, RBI Library "
630 _aPersonal And Organizational Effectiveness
730 _aPersonal And Organizational Effectiveness
942 _cBOOK
999 _c483677
_d483674